| 000 | 00668nam a22002297a 4500 | ||
|---|---|---|---|
| 003 | 3228 | ||
| 005 | 20260604090636.0 | ||
| 008 | 241008b sa ||||| |||| 00| 0 eng d | ||
| 020 |
_a9781868144945 _qpbk |
||
| 040 |
_aMPL _c3228 |
||
| 041 | _2A | ||
| 082 | _a362.1982 LONG | ||
| 100 | _aLong Carol | ||
| 245 | _aContradicting maternity: HIV-positive motherhood in South Africa | ||
| 250 | _aFirst edition | ||
| 260 |
_aJohannesburg: _bWits University press, _c2009. |
||
| 300 |
_avi; 231 pages, _c22 cm. |
||
| 504 | _aIncludes bibliographical references and index | ||
| 521 | _aAdults | ||
| 942 |
_w396 _xZanele Zitha _y396 _zZanele Zitha |
||
| 942 |
_2ddc _cBOOK |
||
| 999 |
_c768543 _d768542 |
||